Trivia Quiz 3 - Statistics

General Stats
  • This quiz has been taken 1,780 times
  • The average score is 7 of 15
Answer Stats
Hint Answer % Correct
In what gallery is Leonardo Da Vinci's Mona Lisa housed? Louvre
80%
What country began hunting humpback whales again in 2007? Japan
73%
What colour is the inside arch of a rainbow? Violet
72%
When added to Diet Coke, which popular confestionery causes an eruption? Mentos
63%
What animated character uttered his first words, "Hot dogs! Hot dogs!" in 1929? Mickey Mouse
61%
In what US city was a UFO alleged to have crashed in 1947? Roswell
56%
What is the term "fax" short for? Facsimile
46%
What late night host was once a weatherman? David Letterman
43%
What does Snoop Dogg like to sip with his gin? Juice
39%
What did E.T dress up as on Halloween? Ghost
35%
Kelsey Grammer is the voice of which character in The Simpsons? Sideshow Bob
32%
Whose death prevented the song Pennyroyal Tea from being released as a single in 1994? Kurt Cobain
25%
What do pirate spiders eat? Spiders
16%
What type of food is casu marzu, which contains live insect larvae? Cheese
13%
Kissing Ireland's Blarney Stone is said to endow one with what? Eloquence
4%
No matching quizzes found
Score Distribution
Percent of People with Each Score
Percentile by Number Answered
Your Score History
You have not taken this quiz